| 000 | 00487nam a22001697a 4500 | ||
|---|---|---|---|
| 999 |
_c40689 _d40689 |
||
| 003 | OSt | ||
| 005 | 20200606120115.0 | ||
| 008 | 191029b ||||| |||| 00| 0 eng d | ||
| 020 | _a9789381844267 | ||
| 040 | _cMESKC library | ||
| 082 |
_a331 _bSIN/C |
||
| 100 |
_aSingh,Prasoon Dutt _990 |
||
| 245 |
_aCareer ki Sambhavana/ _cDr.Prasoon Dutt Singh |
||
| 260 |
_aDelhi: _bKelvin Publications, _c2013 |
||
| 300 | _a160p | ||
| 942 |
_2ddc _cBK _h331 _iSIN/C _k331 _mSIN/C |
||